Top 100 most played songs on Spotify - Statistics

General Stats
  • This quiz has been taken 206 times
  • The average score is 15 of 100
Answer Stats
Top Song % Correct
2 Shape Of You - Ed Sheeran
76%
65 Despacito - Luis Fonso, Daddy Yankee
53%
5 Sorry - Justin Bieber
51%
20 Hello - Adele
39%
1 One Dance - Drake
38%
6 Love Yourself - Justin Bieber
35%
3 Closer - The Chainsmokers, Halsey
31%
16 Uptown Funk - Mark Ronson, Bruno Mars
31%
7 Thinking Out Loud - Ed Sheeran
30%
30 Hotline Bling - Drake
29%
28 See You Again - Wiz Khalifa, Charlie Puth
29%
23 Work - Rihanna, Drake
28%
4 Lean On - Major Lazer, Mø, DJ Snake
27%
44 Radioactive - Imagine Dragons
26%
10 What Do You Mean? - Justin Bieber
26%
14 Starboy - The Weeknd, Daft Punk
23%
15 Cheap Thrills - Sia
21%
41 Let Her Go - Passenger
21%
11 Let Me Love You - DJ Snake, Justin Bieber
21%
33 Sugar - Maroon 5
21%
57 Sugar - Robin Schulz, Francesco Yates
21%
17 Stressed Out - Twenty One Pilots
20%
42 All Of Me - John Legend
19%
37 Chandelier - Sia
19%
12 Cold Water - Major Lazer, Mø, Justin Bieber
19%
66 Happy - Pharrell Williams
19%
63 Wake Me Up - Avicii
19%
27 Faded - Alan Walker
18%
35 Treat You Better - Shawn Mendes
18%
24 Work From Home - Fifth Harmony, Ty Dolla $ign
18%
31 Can't Stop The Feeling - Justin Timberlake
17%
81 Dark Horse - Katy Perry, Juicy J
17%
22 This Is What You Came For - Calvin Harris, Rihanna
17%
92 24K Magic - Bruno Mars
16%
18 7 Years - Lukas Graham
16%
19 Can't Feel My Face - The Weeknd
16%
13 Cheerleader - OMI, Felix Jaehn
16%
38 Heathens - Twenty One Pilots
16%
26 Photograph - Ed Sheeran
16%
69 Side To Side - Ariana Grande, Nicki Minaj
16%
34 Stay With Me - Sam Smith
16%
40 The Hills - The Weeknd
16%
21 Stitches - Shawn Mendes
15%
82 Summer - Calvin Harris
15%
67 Demons - Imagine Dragons
14%
9 Don't Let Me Down - The Chainsmokers, Daya
14%
45 Love Me Like You Do - Ellie Goulding
14%
56 Rockabye - Clean Bandit, Anne-Marie, Sean Paul
14%
25 Take Me To Church - Hozier
14%
99 That's What I Like - Bruno Mars
14%
52 Counting Stars - OneRepublic
13%
8 I Took A Pill In Ibiza - Mike Posner, Seeb
13%
80 Something Just Like This - The Chainsmokers, Coldplay
13%
50 Ride - Twenty One Pilots
12%
39 Panda - Desiigner
11%
48 Say You Won't Let Go - James Arthur
11%
93 Timber - Pitbull, Kesha
11%
47 Too Good - Drake, Rihanna
11%
49 Cake By The Ocean - DNCE
9%
59 Pillowtalk - ZAYN
9%
51 Rather Be - Clean Bandit, Jess Glynne
9%
88 Rude - MAGIC!
9%
86 I Feel It Coming - The Weeknd
8%
43 Lush Life - Zara Larsson
8%
36 Me, Myself & I - G-Eazy, Bebe Rexha
8%
85 Pompeii - Bastille
8%
77 Riptide - Vance Joy
8%
60 We Don't Talk Anymore - Charlie Puth, Selena Gomez
8%
76 Bang Bang - Jessie J, Ariana Grande, Nicki Minaj
7%
62 Can't Hold Us - Macklemore & Ryan Lewis, Ray Dalton
7%
74 Earned It - The Weeknd
7%
54 Roses - The Chainsmokers, ROZES
7%
64 Firestone - Kygo, Conrad Sewell
6%
70 How Deep Is Your Love - Calvin Harris, Disciples
6%
100 I'm Not The Only One - Sam Smith
6%
55 In The Name Of Love - Matin Garrix, Bebe Rexha
6%
79 It Ain't Me - Kygo, Selena Gomez
6%
91 My House - Flo Rida
6%
72 Needed Me - Rihanna
6%
78 Starving - Hailee Steinfield, Grey
6%
53 Fast Car - Jonas Blue, Dakota
5%
84 I See Fire - Ed Sheeran
5%
32 Light It Up - Major Lazer, Nyla
5%
90 Shut Up And Dance - WALK THE MOON
5%
94 Fake Love - Drake
4%
71 Middle - DJ Snake, Bipolar Sunshine
4%
96 Perfect Strangers - Jonas Blue, JP Cooper
4%
61 Trap Queen - Fetty Wap
4%
95 Call On Me - Starley, Ryan Riback
3%
89 Don't Wanna Know - Maroon 5, Kendrick Lamar
3%
58 I Hate U, I Love U - gnash, Olivia O'Brien
3%
83 Never Forget You - Zara Larsson, MNEK
3%
97 No Money - Galantis
3%
87 Prayer In C - Lily Wood and The Prick, Robin Schulz
3%
73 Stole The Show - Kygo, Parson James
3%
98 The Ocean - Mike Perry, Shy Martin
3%
68 Want To Want Me - Jason Derulo
3%
46 Despacito Remix - Luis Fonso, Daddy Yankee, Justin Bieber
2%
75 I Don't Want To Live Forever - ZAYN, Taylor Swift
2%
29 Where Are Ü Now - Jack Ü, Skrillex, Diplo, Justin Bieber
1%
No matching quizzes found
Score Distribution
Percent of People with Each Score
Percentile by Number Answered
Your Score History
You have not taken this quiz